<?xml version="1.0" encoding="UTF-8"?>
<marc:record xmlns:marc="http://www.loc.gov/MARC21/slim">
   <marc:leader>00000nam a2200000 a 4500</marc:leader>
   <marc:datafield ind1="1" ind2=" " tag="100">
      <marc:subfield code="a">Ostermair, Frank</marc:subfield>
      <marc:subfield code="4">aut</marc:subfield>
      <marc:subfield code="e">Verfasser/-in</marc:subfield>
   </marc:datafield>
   <marc:datafield ind1="1" ind2=" " tag="100">
      <marc:subfield code="a">Roters, Sandra</marc:subfield>
      <marc:subfield code="4">aut</marc:subfield>
      <marc:subfield code="e">Verfasser/-in</marc:subfield>
   </marc:datafield>
   <marc:datafield ind1=" " ind2=" " tag="653">
      <marc:subfield code="a">Softcover</marc:subfield>
   </marc:datafield>
   <marc:datafield ind1=" " ind2=" " tag="653">
      <marc:subfield code="a">Karte</marc:subfield>
   </marc:datafield>
   <marc:datafield ind1=" " ind2=" " tag="653">
      <marc:subfield code="a">Führer</marc:subfield>
   </marc:datafield>
   <marc:datafield ind1="0" ind2="0" tag="245">
      <marc:subfield code="a">Menorca, die unentdeckte Baleareninsel</marc:subfield>
   </marc:datafield>
   <marc:datafield ind1="0" ind2="0" tag="245">
      <marc:subfield code="b">ein praktisch orientierter Reiseführer für die östlichste und ruhigste Insel der Balearen</marc:subfield>
   </marc:datafield>
   <marc:datafield ind1="0" ind2="0" tag="245">
      <marc:subfield code="c">Frank Ostermair ; Sandra Roters. [Kt.: Elke Krauss</marc:subfield>
   </marc:datafield>
   <marc:datafield ind1=" " ind2="1" tag="264">
      <marc:subfield code="a">Westerstede</marc:subfield>
      <marc:subfield code="b">Reise-Know-How-Verl. Grundmann</marc:subfield>
      <marc:subfield code="c">2006</marc:subfield>
   </marc:datafield>
   <marc:datafield ind1="1" ind2=" " tag="490">
      <marc:subfield code="a">Reise-Know-how</marc:subfield>
   </marc:datafield>
   <marc:datafield ind1=" " ind2=" " tag="250">
      <marc:subfield code="a">1. Aufl.</marc:subfield>
   </marc:datafield>
   <marc:datafield ind1="1" ind2=" " tag="520">
      <marc:subfield code="a">Mallorcas kleine Schwester Menorca führt als Reiseziel deutschsprachiger Urlauber ein erstaunliches Schattendasein. Die Insel sei flach, windig, wenig attraktiv und daher touristisch unterentwickelt, so heißt es, relativ populär nur bei britischen Urlaubern. Die Wahrheit ist eine andere: - Menorca verfügt über viele wunderbare und selten volle Strände unterschiedlichster Charakteristik bei glasklarer Wasserqualität, zwei veritable Hafenstädte, Fischerdörfer und Orte im Inselinneren mit eigenem mit Mallorca nicht vergleichbaren Gepräge, landschaftliche und kulturelle Kleinode - Menorcas Infrastruktur an Unterkünften jeder Kategorie einschließlich individueller Quartiere in alten Stadtpalästen und Fincas auf dem Land ist ausgezeichnet, ebenso kulinarische Qualität und Ambiente vieler Restaurants. Dieses Buch liefert die Anleitung zur individuellen Urlaubsalternative Menorca und entspricht in Aufbau und Ausführung dem bewährten Reise Know-How Mallorca-Handbuch - Alle Infos zu Anreise, Unterkünften, Transport und Inselleben - Alles über Geschichte und menorquinische Kultur - Detaillierte Orts- und Regionenbeschreibungen - Übersichten über Strände, Sehenswürdigkeiten, empfehlenswerte Restaurants etc - Routenvorschläge für Ausflüge und Wanderwege - Menorquinische Küche und Rezepte - Sonderkapitel "Urlaub mit Kindern"</marc:subfield>
   </marc:datafield>
   <marc:datafield ind1=" " ind2=" " tag="020">
      <marc:subfield code="a">9783896622068</marc:subfield>
      <marc:subfield code="9">9783896622068</marc:subfield>
   </marc:datafield>
   <marc:datafield ind1=" " ind2=" " tag="020">
      <marc:subfield code="a">3896622064</marc:subfield>
      <marc:subfield code="9">3896622064</marc:subfield>
   </marc:datafield>
   <marc:datafield ind1=" " ind2=" " tag="041">
      <marc:subfield code="a">ger</marc:subfield>
   </marc:datafield>
   <marc:datafield ind1=" " ind2=" " tag="300">
      <marc:subfield code="a">284 S.</marc:subfield>
   </marc:datafield>
</marc:record>
